000 00513nam a2200145Ia 4500
003 GCL
008 140319s9999 xx 000 0 ara d
040 _aGCL /
_cGCL
082 0 4 _a324.6973
_bج ا
245 1 0 _aانتخابات 2001
260 _aنيويورك :
_bوزارة الخارجية الامريكية - مكتب برامج الاعلام الخارجى ،
_c2004
300 _a26 ص ؛
_c24 سم
650 0 4 _aالانتخابات - الولايات المتحدة الامريكية
942 _2ddc
_cBK
999 _c7128
_d7128